| 000 | 00428nam a22001457a 4500 | ||
|---|---|---|---|
| 005 | 20170117104738.0 | ||
| 008 | 170117b xxu||||| |||| 00| 0 eng d | ||
| 050 | _aDT2908.F738 | ||
| 100 |
_aForrest, Mary _928385 |
||
| 245 |
_aTraditional living in zimbabwe _cby Forrest, Mary |
||
| 260 |
_aHarare _bROBLAW _c1982 |
||
| 300 |
_a36P.; _c21cm. |
||
| 650 |
_aZimbabwe _xSocial life and customs _928386 |
||
| 942 |
_2lcc _cMONOGRAPH |
||
| 999 |
_c125975 _d125975 |
||